Lịch sử phát triển nhân loại thời trung đại :
Trình bày những nét cơ bản về xã hội loài người thời kì trung đại: sự hình thành xã hội, các diễn biến, các sự kiện lịch sử, sự phát triển của văn hoá, văn minh.
Zapisane w:
| Format: | Książka |
|---|---|
| Język: | Undetermined |
| Wydane: |
Hà Nội
Văn hóa thông tin
2012
|
| Hasła przedmiotowe: | |
| Etykiety: |
Dodaj etykietę
Nie ma etykietki, Dołącz pierwszą etykiete!
|
| Thư viện lưu trữ: | Trung tâm Học liệu Trường Đại học Cần Thơ |
|---|
| LEADER | 00840nam a2200193Ia 4500 | ||
|---|---|---|---|
| 001 | CTU_181233 | ||
| 008 | 210402s9999 xx 000 0 und d | ||
| 020 | |c 72000 | ||
| 082 | |a 909.07 | ||
| 082 | |b L302 | ||
| 245 | 0 | |a Lịch sử phát triển nhân loại thời trung đại : | |
| 245 | 0 | |c Đăng Trường, Lê Minh (Biên soạn) | |
| 260 | |a Hà Nội | ||
| 260 | |b Văn hóa thông tin | ||
| 260 | |c 2012 | ||
| 520 | |a Trình bày những nét cơ bản về xã hội loài người thời kì trung đại: sự hình thành xã hội, các diễn biến, các sự kiện lịch sử, sự phát triển của văn hoá, văn minh. | ||
| 650 | |a Middle ages,Thời trung cổ | ||
| 904 | |i Hải | ||
| 980 | |a Trung tâm Học liệu Trường Đại học Cần Thơ | ||